| 000 | 00875aam a2200313 i 4500 | ||
|---|---|---|---|
| 001 | 768714001 | ||
| 003 | CO-MdFUSB | ||
| 005 | 20250513163142.0 | ||
| 007 | ta | ||
| 008 | 250513t1975 ag |||| |||| 00| 0 spa d | ||
| 040 | _cCO-MdFUSB | ||
| 041 | 0 | _aspa | |
| 082 | 0 | 4 |
_223 _a248 _bH742t |
| 100 | 1 |
_aHollis, H. N. _eautor |
|
| 245 | 1 | 0 |
_aTeología bíblica de la sexualidad _b/ H. N. Hollins ; traducido por Ana María Swenson |
| 250 | _asegunda edición | ||
| 264 | 1 |
_bCasa Bautista de Publicaciones, _aArgentina : _c[1975] |
|
| 264 | 4 | _c©1975 | |
| 300 | _a42 páginas | ||
| 336 |
_atexto _btxt _2rdacontent |
||
| 337 |
_2rdamedia _asin mediación _bn |
||
| 338 |
_2rdacarrier _avolumen _bnc |
||
| 563 | _aRústico | ||
| 650 | 0 |
_aSexo _91346 |
|
| 650 | 0 |
_aVida cristiana _919 |
|
| 700 |
_aSwenson, Ana María, _95845 _etraductor |
||
| 942 | _cBK | ||
| 945 | _aJTF-925 | ||
| 999 |
_c35561 _d35561 |
||